<?xml version="1.0" encoding="UTF-8"?>
<record
    xmlns:xsi="http://www.w3.org/2001/XMLSchema-instance"
    xsi:schemaLocation="http://www.loc.gov/MARC21/slim http://www.loc.gov/standards/marcxml/schema/MARC21slim.xsd"
    xmlns="http://www.loc.gov/MARC21/slim">

  <leader>01237nam2a22002051  4500</leader>
  <controlfield tag="001">RU\NLR\A1\20579</controlfield>
  <controlfield tag="005">20251203152403.2</controlfield>
  <datafield tag="035" ind1=" " ind2=" ">
    <subfield code="a">(NLR Aleph) 009676036</subfield>
  </datafield>
  <datafield tag="090" ind1=" " ind2=" ">
    <subfield code="a">13474773</subfield>
    <subfield code="c">13474773</subfield>
  </datafield>
  <datafield tag="100" ind1=" " ind2=" ">
    <subfield code="a">19990630d1774    u  y0rusy50      ca</subfield>
  </datafield>
  <datafield tag="101" ind1="1" ind2=" ">
    <subfield code="a">rus</subfield>
  </datafield>
  <datafield tag="200" ind1="1" ind2=" ">
    <subfield code="a">[&#x410;&#x434;&#x435;&#x43B;&#x444;&#x44B; &#x438;&#x43B;&#x438; &#x411;&#x440;&#x430;&#x442;&#x44C;&#x44F;</subfield>
    <subfield code="f">&#x41F;&#x435;&#x440;. &#x41A;&#x43E;&#x441;&#x43C;&#x430; &#x424;&#x43B;&#x43E;&#x440;&#x438;&#x43D;&#x441;&#x43A;&#x438;&#x439;</subfield>
    <subfield code="a">&#x415;&#x43A;&#x438;&#x440;&#x430; &#x438;&#x43B;&#x438; &#x421;&#x432;&#x435;&#x43A;&#x440;&#x43E;&#x432;&#x44C;</subfield>
    <subfield code="f">&#x41F;&#x435;&#x440;. &#x424;&#x435;&#x43E;&#x434;&#x43E;&#x440; &#x41C;&#x43E;&#x439;&#x441;&#x435;&#x435;&#x43D;&#x43A;&#x43E;&#x432;</subfield>
    <subfield code="a">&#x424;&#x43E;&#x440;&#x43C;&#x438;&#x43E;&#x43D;</subfield>
    <subfield code="f">&#x41F;&#x435;&#x440;. &#x424;&#x438;&#x43B;&#x438;&#x43F;&#x43F; &#x421;&#x438;&#x43D;&#x441;&#x43A;&#x438;&#x439;]</subfield>
  </datafield>
  <datafield tag="210" ind1=" " ind2=" ">
    <subfield code="d">1774</subfield>
  </datafield>
  <datafield tag="215" ind1=" " ind2=" ">
    <subfield code="a">[2], 294 &#x441;.</subfield>
  </datafield>
  <datafield tag="461" ind1=" " ind2="1">
    <subfield code="1">001RU\NLR\A1\20577</subfield>
    <subfield code="1">2000#$a&#x41A;&#x43E;&#x43C;&#x435;&#x434;&#x438;&#x438; &#x41F;&#x443;&#x431;&#x43B;&#x438;&#x44F; &#x422;&#x435;&#x440;&#x435;&#x43D;&#x442;&#x438;&#x44F; &#x410;&#x444;&#x440;&#x438;&#x43A;&#x430;&#x43D;&#x441;&#x43A;&#x430;&#x433;&#x43E;$e&#x41F;&#x435;&#x440;&#x435;&#x432;&#x435;&#x434;&#x435;&#x43D;&#x43D;&#x44B;&#x44F; &#x441; &#x43B;&#x430;&#x442;&#x438;&#x43D;&#x441;&#x43A;&#x430;&#x433;&#x43E; &#x43D;&#x430; &#x440;&#x43E;&#x441;&#x441;&#x438;&#x439;&#x441;&#x43A;&#x438;&#x439; &#x44F;&#x437;&#x44B;&#x43A;.$v&#x422;.2</subfield>
    <subfield code="1">700#1$6z01700$6z02790$a&#x422;&#x435;&#x440;&#x435;&#x43D;&#x446;&#x438;&#x439;$b&#x41F;.$f&#x43E;&#x43A;. 185-159$g&#x41F;&#x443;&#x431;&#x43B;&#x438;&#x439;$4070</subfield>
    <subfield code="1">700#1$6z01700$7ba$aTerentius Afer$bP.$gPublius</subfield>
    <subfield code="9">9682943</subfield>
    <subfield code="a">&#x422;&#x435;&#x440;&#x435;&#x43D;&#x446;&#x438;&#x439;, &#x41F;. (&#x43E;&#x43A;. 195-159 &#x434;&#x43E; &#x43D;.&#x44D;.)</subfield>
    <subfield code="c">&#x421;&#x41F;&#x431;.</subfield>
    <subfield code="d">1773-1774</subfield>
    <subfield code="n">&#x41F;&#x440;&#x438; &#x418;&#x43C;&#x43F;. &#x410;&#x43A;&#x430;&#x434;. &#x43D;&#x430;&#x443;&#x43A;</subfield>
    <subfield code="o">&#x41F;&#x435;&#x440;&#x435;&#x432;&#x435;&#x434;&#x435;&#x43D;&#x43D;&#x44B;&#x44F; &#x441; &#x43B;&#x430;&#x442;&#x438;&#x43D;&#x441;&#x43A;&#x430;&#x433;&#x43E; &#x43D;&#x430; &#x440;&#x43E;&#x441;&#x441;&#x438;&#x439;&#x441;&#x43A;&#x438;&#x439; &#x44F;&#x437;&#x44B;&#x43A;.</subfield>
    <subfield code="t">&#x41A;&#x43E;&#x43C;&#x435;&#x434;&#x438;&#x438; &#x41F;&#x443;&#x431;&#x43B;&#x438;&#x44F; &#x422;&#x435;&#x440;&#x435;&#x43D;&#x442;&#x438;&#x44F; &#x410;&#x444;&#x440;&#x438;&#x43A;&#x430;&#x43D;&#x441;&#x43A;&#x430;&#x433;&#x43E;</subfield>
    <subfield code="v">&#x422;.2</subfield>
  </datafield>
  <datafield tag="801" ind1=" " ind2="0">
    <subfield code="a">RU</subfield>
    <subfield code="b">NLR</subfield>
    <subfield code="c">19990630</subfield>
  </datafield>
  <datafield tag="942" ind1=" " ind2=" ">
    <subfield code="c">BOOK</subfield>
  </datafield>
  <datafield tag="980" ind1=" " ind2=" ">
    <subfield code="a">A1XVIIIv</subfield>
  </datafield>
  <datafield tag="980" ind1=" " ind2=" ">
    <subfield code="a">NB</subfield>
  </datafield>
</record>
